000 00229nam a22000857a 4500
008 160712b xxu||||| |||| 00| 0 eng d
100 _92619
_a Dreamland
245 _aThe Brave Tin Soldier
260 _aNew Delhi
_bDreamland Publication
999 _c2274
_d2274